Labor productivity growth decomposition in Slovakia between 2000 and 2005

Rozdelenie rastu produktivity práce na Slovensku v rokoch 2000-2005. Metodológia multiplikatívneho štrukturálneho rozdelenia. Empirická analýza. Zmeny v štyroch determinantoch - zmeny v koeficientoch pridanej hodnoty, zmeny v priamych požiadavkách na prácu, zmeny v štruktúre výroby a zmeny v posled...

Ausführliche Beschreibung

Gespeichert in:
Bibliographische Detailangaben
1. Verfasser: Lábaj, Martin, 1982-
Format: Buchkapitel
Sprache:Englisch
Schlagworte:
Tags: Tag hinzufügen
Keine Tags, Fügen Sie das erste Tag hinzu!

MARC

LEADER 00000nla$a2200000$$$4500
001 0120229
005 20240614124605.0
041 0 |a eng 
044 |a SK 
245 1 0 |a Labor productivity growth decomposition in Slovakia between 2000 and 2005  |c Martin Lábaj 
520 |a Rozdelenie rastu produktivity práce na Slovensku v rokoch 2000-2005. Metodológia multiplikatívneho štrukturálneho rozdelenia. Empirická analýza. Zmeny v štyroch determinantoch - zmeny v koeficientoch pridanej hodnoty, zmeny v priamych požiadavkách na prácu, zmeny v štruktúre výroby a zmeny v poslednej pohľadávke. 
610 2 0 |a produktivita práce 
610 2 0 |a hodnota pridaná 
610 2 0 |a štruktúra výroby 
610 2 0 |a Slovensko 
100 1 |a Lábaj, Martin, 1982-